[Event "Tenerife-chT Preferente 1819"]
[Site "Tenerife"]
[Date "2019.03.16"]
[Round "10.3"]
[White "Ramirez Alvarez, Roberto"]
[Black "Henriquez Garcia, David"]
[Result "1-0"]
[WhiteElo "1979"]
[BlackElo "1881"]
[PlyCount "55"]
[EventDate "2018.11.24"]
[EventType "team-tourn"]
[EventRounds "14"]
[EventCountry "ESP"]
[SourceTitle "CBM 189 Extra"]
[Source "ChessBase"]
[SourceDate "2019.06.03"]
[SourceVersion "1"]
[SourceVersionDate "2019.06.03"]
[SourceQuality "1"]
[WhiteTeam "Canarias 64"]
[BlackTeam "Laguna Cotelec"]
[WhiteTeamCountry "ESP"]
[BlackTeamCountry "ESP"]

1. d4 e6 2. c4 d5 3. Nc3 Be7 4. Nf3 Nf6 5. Bg5 0-0 6. e3 b6 7. Bxf6 Bxf6 8. cxd5 exd5 9. Bd3 Bb7 10. Qc2 h6 11. 0-0-0 c5 12. Kb1 c4 13. Bf5 g6 14. Bh3 a6 15. Ne5 b5 16. Nxg6 fxg6 17. Qxg6+ Bg7 18. Be6+ Kh8 19. Bf5 Rxf5 20. Qxf5 b4 21. Ne2 Bc8 22. Qf7 Nc6 23. Nf4 Ra7 24. Qxd5 Qf6 25. Qxc4 Bf5+ 26. Ka1 Bf8 27. f3 Na5 28. Qd5 1-0

[Event "Tenerife-chT Preferente 1718"]
[Site "Tenerife"]
[Date "2018.02.10"]
[Round "9.3"]
[White "Sanchez Martin, Jacobo"]
[Black "Henriquez Garcia, David"]
[Result "0-1"]
[WhiteElo "1759"]
[BlackElo "1914"]
[PlyCount "73"]
[EventDate "2017.11.11"]
[EventType "team-tourn"]
[EventRounds "14"]
[EventCountry "ESP"]
[SourceTitle "EXT 2019"]
[Source "ChessBase"]
[SourceDate "2018.10.10"]
[SourceVersion "1"]
[SourceVersionDate "2018.10.10"]
[SourceQuality "1"]
[WhiteTeam "Ciberjaque Universidad"]
[BlackTeam "Laguna Cotelec"]
[WhiteTeamCountry "ESP"]
[BlackTeamCountry "ESP"]

1. e4 g6 2. d4 Bg7 3. Bc4 c5 4. c3 b5 5. Bd5 Nc6 6. dxc5 e6 7. Bxc6 dxc6 8. Qxd8+ Kxd8 9. Ne2 Nf6 10. f3 Nd7 11. Be3 Bf8 12. b4 a5 13. 0-0 Bg7 14. Bd4 e5 15. Be3 Nf8 16. a3 Be6 17. Nd2 axb4 18. axb4 Rxa1 19. Rxa1 Kc7 20. Ra7+ Kb8 21. Ra6 Kb7 22. Rb6+ Kc7 23. Nc1 Nd7 24. Ra6 Nb8 25. Ra7+ Kc8 26. Kf2 Rd8 27. Ke2 Rd7 28. Rxd7 Kxd7 29. Ncb3 Na6 30. Kd3 f5 31. g3 Nc7 32. Na5 Bf7 33. Nb7 Bf8 34. Bg5 Ne8 35. c4 h6 36. Be3 Nc7 37. cxb5 0-1

[Event "Tenerife-chT Preferente 1718"]
[Site "Tenerife"]
[Date "2018.01.13"]
[Round "6.4"]
[White "Henriquez Garcia, David"]
[Black "Sanjuan Morigosa, Isaura"]
[Result "0-1"]
[WhiteElo "1914"]
[BlackElo "1865"]
[PlyCount "66"]
[EventDate "2017.11.11"]
[EventType "team-tourn"]
[EventRounds "14"]
[EventCountry "ESP"]
[SourceTitle "EXT 2019"]
[Source "ChessBase"]
[SourceDate "2018.10.10"]
[SourceVersion "1"]
[SourceVersionDate "2018.10.10"]
[SourceQuality "1"]
[WhiteTeam "Laguna Cotelec"]
[BlackTeam "Canarias 64"]
[WhiteTeamCountry "ESP"]
[BlackTeamCountry "ESP"]

1. e4 g6 2. d4 Bg7 3. Be3 d6 4. Nc3 a6 5. Be2 b5 6. a3 Bb7 7. Bf3 Nd7 8. Nge2 Rc8 9. 0-0 e6 10. g3 Ne7 11. Bg2 h6 12. Qd2 f5 13. Nf4 Nf8 14. Rae1 g5 15. Nh5 Kf7 16. Nxg7 Kxg7 17. exf5 Bxg2 18. f6+ Kxf6 19. Kxg2 Nf5 20. f4 Kg6 21. Qd3 Kg7 22. fxg5 hxg5 23. Ne4 Nh7 24. d5 Nxe3+ 25. Rxe3 e5 26. Ref3 Qd7 27. Nf2 Rcf8 28. Rxf8 Nxf8 29. h3 Ng6 30. Ng4 c6 31. Rf6 Ne7 32. Qd2 Rh5 33. Rh6 Rxh6 0-1

[Event "Santa Cruz de Tenerife op 28th"]
[Site "Santa Cruz de Tenerife"]
[Date "2017.12.22"]
[Round "6"]
[White "Henriquez Garcia, David"]
[Black "Kraus, Oliver"]
[Result "0-1"]
[WhiteElo "1914"]
[BlackElo "2053"]
[PlyCount "88"]
[EventDate "2017.12.15"]
[EventType "swiss"]
[EventRounds "9"]
[EventCountry "ESP"]
[SourceTitle "CBM 182 Extra"]
[Source "ChessBase"]
[SourceDate "2018.02.23"]
[SourceVersion "1"]
[SourceVersionDate "2018.02.23"]
[SourceQuality "1"]

1. e4 c6 2. d3 d5 3. Nd2 e5 4. Ngf3 Bd6 5. g3 Ne7 6. Bg2 Nd7 7. 0-0 Nf6 8. d4 Bg4 9. dxe5 Bxe5 10. h3 Bxf3 11. Nxf3 Bc7 12. e5 Ne4 13. Bf4 Ng6 14. c4 0-0 15. cxd5 cxd5 16. Qb3 Nc5 17. Qc3 Ne6 18. Be3 Bb6 19. Bxb6 Qxb6 20. Rad1 Rac8 21. Qd2 Rfd8 22. h4 Nc5 23. h5 Nf8 24. Nd4 Ne4 25. Qe2 Rc4 26. Nf5 Qe6 27. Ne3 Rcc8 28. Nxd5 Rxd5 29. Rxd5 Qxd5 30. Qxe4 Qxa2 31. Qxb7 Rd8 32. b4 Qd2 33. b5 Qd4 34. Qe4 Qb6 35. Qe2 Rb8 36. Rb1 a6 37. Bc6 Ne6 38. Qc4 Nd4 39. Bd5 axb5 40. Bxf7+ Kh8 41. Qd5 Ne2+ 42. Kg2 Nc3 43. Qd3 Nxb1 44. Qxb1 Qb7+ 0-1

[Event "Santa Cruz de Tenerife op 28th"]
[Site "Santa Cruz de Tenerife"]
[Date "2017.12.19"]
[Round "3"]
[White "Henriquez Garcia, David"]
[Black "Abreu Suarez, Isauro"]
[Result "1/2-1/2"]
[WhiteElo "1914"]
[BlackElo "2003"]
[PlyCount "35"]
[EventDate "2017.12.15"]
[EventType "swiss"]
[EventRounds "9"]
[EventCountry "ESP"]
[SourceTitle "CBM 182 Extra"]
[Source "ChessBase"]
[SourceDate "2018.02.23"]
[SourceVersion "1"]
[SourceVersionDate "2018.02.23"]
[SourceQuality "1"]

1. e4 Nc6 2. d4 d5 3. e5 Bf5 4. c3 e6 5. Bd3 Nge7 6. Bg5 Qd7 7. Bxf5 Nxf5 8. g4 Be7 9. Bxe7 Nfxe7 10. Nd2 f6 11. f4 fxe5 12. fxe5 0-0 13. Qe2 Ng6 14. Nh3 b5 15. Rf1 b4 16. Qe3 Nh4 17. Qg3 bxc3 18. bxc3 1/2-1/2

[Event "Tenerife-chT Preferente 1617"]
[Site "Tenerife"]
[Date "2017.02.11"]
[Round "7.3"]
[White "Henriquez Garcia, David"]
[Black "Meneses Gonzalez, Kevin Moises"]
[Result "0-1"]
[WhiteElo "1953"]
[BlackElo "2305"]
[PlyCount "72"]
[EventDate "2016.12.10"]
[EventType "team-tourn"]
[EventRounds "14"]
[EventCountry "ESP"]
[SourceTitle "CBM 176 Extra"]
[Source "ChessBase"]
[SourceDate "2017.03.02"]
[SourceVersion "1"]
[SourceVersionDate "2017.03.02"]
[SourceQuality "1"]
[WhiteTeam "Laguna Cotelec"]
[BlackTeam "Cajacanarias"]
[WhiteTeamCountry "ESP"]
[BlackTeamCountry "ESP"]

1. Nf3 Nf6 2. g3 g6 3. Bg2 Bg7 4. 0-0 0-0 5. d4 d6 6. c4 Nbd7 7. Nc3 e5 8. e4 exd4 9. Nxd4 Re8 10. Bg5 h6 11. Bf4 Nc5 12. Re1 a5 13. Ndb5 g5 14. Bc1 Be6 15. b3 Ng4 16. f3 Ne5 17. Be3 Bd7 18. Nd4 a4 19. Qc2 Ned3 20. Red1 axb3 21. axb3 Rxa1 22. Rxa1 f5 23. Rd1 f4 24. Bf2 Nxf2 25. Kxf2 c6 26. g4 Qb6 27. Kf1 Ra8 28. Nf5 Bxf5 29. exf5 Qxb3 30. Qxb3 Nxb3 31. Ne4 Be5 32. Ke1 Nd4 33. Rc1 Ra2 34. Nd2 Nc2+ 35. Ke2 Ne3 36. Bf1 Bb2 0-1

[Event "Santa Cruz de Tenerife Autumn op"]
[Site "Santa Cruz de Tenerife"]
[Date "2016.10.19"]
[Round "2"]
[White "Diaz Reyes, Killian"]
[Black "Henriquez Garcia, David"]
[Result "1-0"]
[WhiteElo "1410"]
[BlackElo "1981"]
[PlyCount "93"]
[EventDate "2016.10.17"]
[EventType "swiss"]
[EventRounds "9"]
[EventCountry "ESP"]
[SourceTitle "CBM 175 Extra"]
[Source "ChessBase"]
[SourceDate "2016.12.12"]
[SourceVersion "1"]
[SourceVersionDate "2016.12.12"]
[SourceQuality "1"]

1. e4 c5 2. Nf3 Nc6 3. d4 cxd4 4. Nxd4 e5 5. Nb5 a6 6. Nd6+ Bxd6 7. Qxd6 Qf6 8. Qxf6 Nxf6 9. Nc3 d5 10. Bd3 d4 11. Na4 Nd7 12. b3 b5 13. Nb2 Bb7 14. Bd2 0-0 15. 0-0 Rac8 16. Rac1 b4 17. Nc4 a5 18. Nd6 Rc7 19. Nb5 Rcc8 20. Nd6 Rb8 21. Bb5 Ba8 22. Ba4 Nc5 23. Bxc6 Bxc6 24. Nc4 Bb5 25. Rfe1 Bxc4 26. bxc4 Rfc8 27. Rb1 Ne6 28. a3 Rxc4 29. axb4 axb4 30. Rb2 Rbc8 31. Ra1 Rxc2 32. Rxc2 Rxc2 33. Bxb4 f6 34. f3 Nf4 35. g3 Nh3+ 36. Kh1 d3 37. Ra8+ Kf7 38. Ra7+ Kg6 39. Bf8 Ng5 40. Rxg7+ Kh5 41. Bb4 h6 42. Be1 Rxh2+ 43. Kxh2 Nxf3+ 44. Kh3 Ng5+ 45. Kg2 d2 46. Bxd2 Nxe4 47. g4+ 1-0

[Event "Santa Cruz CajaCanarias op"]
[Site "Santa Cruz"]
[Date "2016.05.04"]
[Round "3"]
[White "Henriquez Garcia, David"]
[Black "Molina Rodriguez, Borja"]
[Result "0-1"]
[WhiteElo "1994"]
[BlackElo "2170"]
[PlyCount "48"]
[EventDate "2016.04.27"]
[EventType "swiss"]
[EventRounds "9"]
[EventCountry "ESP"]
[SourceTitle "CBM 172 Extra"]
[Source "ChessBase"]
[SourceDate "2016.06.21"]
[SourceVersion "1"]
[SourceVersionDate "2016.06.21"]
[SourceQuality "1"]

1. e4 e5 2. d4 exd4 3. Bc4 Nc6 4. Nf3 Nf6 5. e5 d5 6. Bb5 Ne4 7. 0-0 Bg4 8. c3 dxc3 9. Qa4 Bd7 10. Qb3 a6 11. Bd3 cxb2 12. Qxb2 Nc5 13. Bc2 Bg4 14. Ng5 h6 15. f3 Bd7 16. Nh7 Be7 17. e6 Nxe6 18. Re1 Ncd4 19. Bd3 Bb5 20. Rxe6 Nxe6 21. Bf5 Qd6 22. Bxh6 Rxh7 23. Bxh7 gxh6 24. Qh8+ Kd7 0-1

[Event "Santa Cruz CajaCanarias op"]
[Site "Santa Cruz"]
[Date "2016.04.27"]
[Round "1"]
[White "Henriquez Garcia, David"]
[Black "Diaz Reyes, Killian"]
[Result "1-0"]
[WhiteElo "1994"]
[BlackElo "1232"]
[PlyCount "63"]
[EventDate "2016.04.27"]
[EventType "swiss"]
[EventRounds "9"]
[EventCountry "ESP"]
[SourceTitle "CBM 172 Extra"]
[Source "ChessBase"]
[SourceDate "2016.06.21"]
[SourceVersion "1"]
[SourceVersionDate "2016.06.21"]
[SourceQuality "1"]

1. e4 d5 2. e5 Nc6 3. d4 Bf5 4. Nf3 e6 5. Bd3 Nge7 6. 0-0 Bxd3 7. Qxd3 Ng6 8. Be3 Be7 9. g3 0-0 10. Nbd2 Qd7 11. c3 Rfd8 12. h4 f6 13. exf6 Bxf6 14. h5 Nf8 15. Bf4 Qf7 16. g4 Bxd4 17. Bxc7 Qxc7 18. cxd4 Qf4 19. g5 Qg4+ 20. Kh2 Qxh5+ 21. Kg3 Ng6 22. Rh1 Nf4 23. Kxf4 Qf7+ 24. Kg3 g6 25. Ne5 Qc7 26. f4 Nxe5 27. dxe5 Rf8 28. Rh4 Qb6 29. Rah1 Rf7 30. Nf3 Qxb2 31. Qxg6+ Kf8 32. Rxh7 1-0

[Event "Santa Cruz de Tenerife op 26th"]
[Site "Santa Cruz de Tenerife"]
[Date "2015.12.28"]
[Round "8"]
[White "Henriquez Garcia, David"]
[Black "Jimenez Arteaga, Angel"]
[Result "1/2-1/2"]
[WhiteElo "2026"]
[BlackElo "1904"]
[PlyCount "126"]
[EventDate "2015.12.15"]
[EventType "swiss"]
[EventRounds "9"]
[EventCountry "ESP"]
[SourceTitle "CBM 170 Extra"]
[Source "ChessBase"]
[SourceDate "2016.02.25"]
[SourceVersion "1"]
[SourceVersionDate "2016.02.25"]
[SourceQuality "1"]

1. e4 e5 2. Nf3 f5 3. d4 fxe4 4. Nxe5 Nf6 5. Be2 d6 6. Ng4 Be7 7. Nxf6+ Bxf6 8. Nc3 d5 9. Be3 c6 10. Qd2 b5 11. 0-0 0-0 12. Rac1 a5 13. Rfd1 Ba6 14. Bf1 Ra7 15. Ne2 g6 16. c3 a4 17. Ng3 Nd7 18. Rc2 Nb6 19. b3 Qe7 20. Rdc1 Rd8 21. Be2 Re8 22. Nf1 Qf7 23. Qe1 axb3 24. axb3 Bc8 25. Ra1 Be6 26. Rca2 Rea8 27. Qb1 Qb7 28. Nd2 Rxa2 29. Rxa2 Rxa2 30. Qxa2 Qa8 31. Qxa8+ Nxa8 32. f3 exf3 33. Nxf3 Bd7 34. Ne5 Be8 35. Nd3 Kf7 36. Bg4 Nb6 37. Kf2 Ke7 38. Bf4 Nd7 39. Nb4 Nf8 40. Bc8 Ne6 41. Bb8 Nd8 42. Bg4 Bd7 43. Bf3 Be6 44. Bc7 Kd7 45. Bf4 Nf7 46. Na6 Kc8 47. Nc5 Bf5 48. g4 Bc2 49. b4 g5 50. Bg3 Nd8 51. Be5 Be7 52. Kg3 Bg6 53. Nb3 Be8 54. Nd2 Kd7 55. Be2 Bg6 56. Bg7 Ne6 57. Be5 Nd8 58. Nf3 Nf7 59. Bg7 Ke6 60. Kf2 Bf6 61. Bf8 Be7 62. Bxe7 Kxe7 63. Ke3 Ke6 1/2-1/2

[Event "Tenerife Autumn op"]
[Site "Tenerife"]
[Date "2015.10.30"]
[Round "9"]
[White "Henriquez Garcia, David"]
[Black "Perez Felipe, Marcos Adrian"]
[Result "1-0"]
[WhiteElo "1994"]
[BlackElo "2179"]
[PlyCount "75"]
[EventDate "2015.10.14"]
[EventType "swiss"]
[EventRounds "9"]
[EventCountry "ESP"]
[SourceTitle "CBM 169 Extra"]
[Source "ChessBase"]
[SourceDate "2015.12.18"]
[SourceVersion "1"]
[SourceVersionDate "2015.12.18"]
[SourceQuality "1"]

1. e4 c5 2. Nc3 Nc6 3. g3 g6 4. Bg2 Bg7 5. d3 e6 6. Be3 Nd4 7. Qd2 Rb8 8. f4 Ne7 9. Nf3 0-0 10. 0-0 d5 11. Bf2 b5 12. e5 Nxf3+ 13. Bxf3 Qc7 14. a4 a6 15. axb5 axb5 16. Ne2 b4 17. Rfc1 f6 18. exf6 Bxf6 19. c3 bxc3 20. bxc3 Bd7 21. Ra2 Rb3 22. Kg2 Nf5 23. Ng1 Rfb8 24. Bd1 R3b7 25. Nf3 Qd6 26. g4 Ne7 27. d4 cxd4 28. cxd4 Bb5 29. Bg3 Rf8 30. f5 Qd7 31. g5 Bh8 32. f6 Nf5 33. Ne5 Qe8 34. Rca1 Bc4 35. Ra7 Rxa7 36. Rxa7 Nd6 37. Ng4 Nf7 38. Rxf7 1-0

[Event "Tenerife Autumn op"]
[Site "Tenerife"]
[Date "2015.10.28"]
[Round "8"]
[White "Lestao Balseiro, Adrian"]
[Black "Henriquez Garcia, David"]
[Result "1-0"]
[WhiteElo "2232"]
[BlackElo "1994"]
[PlyCount "129"]
[EventDate "2015.10.14"]
[EventType "swiss"]
[EventRounds "9"]
[EventCountry "ESP"]
[SourceTitle "CBM 169 Extra"]
[Source "ChessBase"]
[SourceDate "2015.12.18"]
[SourceVersion "1"]
[SourceVersionDate "2015.12.18"]
[SourceQuality "1"]

1. e4 e6 2. d4 d5 3. Nc3 Bb4 4. e5 b6 5. Bd2 Qd7 6. Nf3 Nc6 7. a3 Bf8 8. Bd3 Bb7 9. 0-0 Nge7 10. b4 Nf5 11. Ne2 Be7 12. c3 0-0-0 13. a4 Nb8 14. a5 b5 15. a6 Bc6 16. Nc1 Qe8 17. Nb3 Nd7 18. Na5 Nb6 19. Bxf5 exf5 20. Qc2 Bd7 21. Nb7 Be6 22. Nxd8 Qxd8 23. Ne1 g5 24. Nd3 h5 25. Nc5 c6 26. Nxe6 fxe6 27. Bc1 Qf8 28. Ra2 Qf7 29. Qd3 Nc4 30. Kh1 Kc7 31. g3 g4 32. f3 Qg7 33. Bf4 Bg5 34. Bxg5 Qxg5 35. Re2 Nb6 36. Qd2 Qxd2 37. Rxd2 Na4 38. Rc2 Kb6 39. Kg2 Kxa6 40. Rh1 Rg8 41. h3 gxf3+ 42. Kxf3 Nb6 43. g4 hxg4+ 44. hxg4 fxg4+ 45. Kg3 Nc4 46. Rh6 Ne3 47. Ra2+ Kb6 48. Rxe6 Nf1+ 49. Kf2 Nh2 50. Kg2 g3 51. Re7 a6 52. Rh7 Ng4 53. Re2 a5 54. bxa5+ Kxa5 55. Rh3 b4 56. cxb4+ Kxb4 57. Rxg3 Nh6 58. Rxg8 Nxg8 59. Rc2 Ne7 60. Kf2 Kb5 61. Ke3 Nf5+ 62. Kd3 Kb6 63. Rf2 Ng3 64. Rf7 Ne4 65. e6 1-0

[Event "Tenerife Autumn op"]
[Site "Tenerife"]
[Date "2015.10.26"]
[Round "7"]
[White "Henriquez Garcia, David"]
[Black "Villavicencio Martinez, Adalberto"]
[Result "0-1"]
[WhiteElo "1994"]
[BlackElo "2324"]
[PlyCount "42"]
[EventDate "2015.10.14"]
[EventType "swiss"]
[EventRounds "9"]
[EventCountry "ESP"]
[SourceTitle "CBM 169 Extra"]
[Source "ChessBase"]
[SourceDate "2015.12.18"]
[SourceVersion "1"]
[SourceVersionDate "2015.12.18"]
[SourceQuality "1"]

1. e4 c5 2. Nf3 d6 3. d4 cxd4 4. Nxd4 Nf6 5. Nc3 a6 6. Be2 e6 7. g4 b5 8. a3 Bb7 9. f3 Nfd7 10. g5 Nb6 11. Be3 N8d7 12. Qd2 Rc8 13. f4 Nc4 14. Bxc4 Rxc4 15. 0-0 Qc7 16. f5 e5 17. Nde2 Nc5 18. Nd5 Qc6 19. Nec3 Nxe4 20. Nxe4 Rxe4 21. Rad1 Qxd5 0-1

[Event "Las Palmas Insular-chT Pref"]
[Site "Las Palmas"]
[Date "2015.02.07"]
[Round "7.2"]
[White "Garcia Blanco, Omar"]
[Black "Henriquez Garcia, David"]
[Result "0-1"]
[WhiteElo "2268"]
[BlackElo "1981"]
[PlyCount "93"]
[EventDate "2014.11.22"]
[EventType "team-tourn"]
[EventRounds "14"]
[EventCountry "ESP"]
[SourceTitle "EXT 2016"]
[Source "ChessBase"]
[SourceDate "2015.10.08"]
[SourceVersion "1"]
[SourceVersionDate "2015.10.08"]
[SourceQuality "1"]
[WhiteTeam "La Caja de Vecindario"]
[BlackTeam "Anand Iberia"]
[WhiteTeamCountry "ESP"]
[BlackTeamCountry "ESP"]

1. e4 e6 2. d4 c5 3. c3 d5 4. exd5 exd5 5. Bb5+ Nc6 6. Nf3 Bd6 7. dxc5 Qe7+ 8. Be3 Bf4 9. Qxd5 Bd7 10. 0-0 Bxe3 11. Re1 Nf6 12. Qd6 Bxf2+ 13. Kxf2 Ne4+ 14. Rxe4 Qxe4 15. Nbd2 Qg6 16. Re1+ Kd8 17. Qf4 Re8 18. Re4 f5 19. Qh4+ Kc7 20. Qf4+ Kd8 21. Rxe8+ Qxe8 22. Bxc6 bxc6 23. Ne5 Qe7 24. Qd4 Kc7 25. Ndc4 Re8 26. b4 Qe6 27. b5 cxb5 28. c6 Bxc6 29. Qxa7+ Bb7 30. Qa5+ Kb8 31. Qxb5 Re7 32. Qb4 Rc7 33. Qf8+ Ka7 34. Qb4 Ba6 35. Qa4 Rc5 36. Qa3 Rxe5 37. Nxe5 Qxe5 38. c4 Qf4+ 39. Ke1 Qxc4 40. Qe7+ Kb6 41. Qd6+ Ka5 42. Qd8+ Ka4 43. Qe8+ Ka3 44. Qe3+ Kxa2 45. g3 Qe4 46. Kd2 Qxe3+ 47. Kxe3 0-1